[Event "19th EUR-ch"]
[Site "Batumi GEO"]
[Date "2018.03.17"]
[Round "1.30"]
[White "Jones, Gawain"]
[Black "Berchtenbreiter, Maximilian"]
[Result "1-0"]
[WhiteElo "2651"]
[BlackElo "2414"]
[EventDate "2018.03.17"]
[PlyCount "105"]

1.e4 e6 2.d4 d5 3.Nd2 Nf6 4.e5 Nfd7 5.Bd3 c5 6.c3 b5 7.Bxb5 Qb6 8.Qa4 a6 
9.Bd3 cxd4 10.cxd4 Nc6 11.Ne2 Nb4 12.Bb1 a5 13.a3 Nc6 14.Bd3 Ba6 15.Bxa6 
Qxa6 16.O-O Ncxe5 17.dxe5 Qxe2 18.Nf3 Bc5 19.b4 Ba7 20.Bd2 axb4 21.Be3 
Qxe3 22.Qc6 Qb6 23.Qxa8+ Qb8 24.Qxb8+ Bxb8 25.axb4 Ke7 26.Rfe1 Rc8 27.b5 
Rc4 28.Rab1 Nb6 29.Rec1 h6 30.Rxc4 Nxc4 31.Ra1 Kd7 32.Nd4 Nxe5 33.Ra6 g5 
34.h3 Nc4 35.Nc6 Bc7 36.Ra8 Nd6 37.Nb8+ Bxb8 38.Rxb8 Kc7 39.Rh8 Nxb5 40.
Rh7 Nd6 41.Rxh6 d4 42.Kf1 Kd7 43.Rh5 f6 44.Rh7+ Kc6 45.Rh6 Ne8 46.g3 Kd6 
47.h4 gxh4 48.gxh4 Ke7 49.Rh7+ Kf8 50.Rd7 e5 51.h5 f5 52.h6 Nf6 53.h7 1-0

[Event "19th EUR-ch"]
[Site "Batumi GEO"]
[Date "2018.03.17"]
[Round "1.31"]
[White "Schnider, Gert"]
[Black "Kovalev, Vladislav"]
[Result "1/2-1/2"]
[WhiteElo "2414"]
[BlackElo "2650"]
[EventDate "2018.03.17"]
[PlyCount "147"]

1.e4 e5 2.Nf3 Nc6 3.Bb5 a6 4.Ba4 Nf6 5.O-O Be7 6.Re1 b5 7.Bb3 O-O 8.c3 d6 
9.h3 Bb7 10.d4 Re8 11.Ng5 Rf8 12.Nf3 Nd7 13.Nbd2 exd4 14.cxd4 Re8 15.Nf1 
Na5 16.Bc2 Bf6 17.N1h2 c5 18.Ng4 cxd4 19.Nxd4 Bxd4 20.Qxd4 Rc8 21.Qd1 Ne5 
22.Ne3 Ng6 23.Nf5 d5 24.Be3 Nc4 25.exd5 Bxd5 26.Qd4 Nce5 27.Bb3 Bxb3 28.
axb3 Re6 29.f4 Rf6 30.Qxd8+ Rxd8 31.Nxg7 Nf3+ 32.gxf3 Kxg7 33.Red1 Rxd1+ 
34.Rxd1 Nxf4 35.Bd4 Ne2+ 36.Kf2 Nxd4 37.Rxd4 Rc6 38.Ke3 Rc2 39.Rd6 Rxb2 
40.Rxa6 Rxb3+ 41.Kf4 Rc3 42.Rb6 Rc4+ 43.Kf5 Rc5+ 44.Kf4 f6 45.Kg4 Kg6 46.
f4 h5+ 47.Kh4 Rf5 48.Kg3 Rd5 49.Kh4 Rc5 50.Rb7 Kf5 51.Rb6 Kg6 52.Rb7 Rd5 
53.Rb6 Kf7 54.Kg3 Rc5 55.Kf3 Kg6 56.Kg3 Rc3+ 57.Kh4 Rb3 58.Rd6 Kf5 59.Rd5+
Ke4 60.Rxh5 f5 61.Kg5 Rg3+ 62.Kf6 Rg8 63.Rg5 Rf8+ 64.Kg7 Rc8 65.h4 Kxf4 
66.Rg1 Rc7+ 67.Kg6 b4 68.h5 b3 69.h6 b2 70.Rb1 Rc6+ 71.Kg7 Kg5 72.h7 Rc7+ 
73.Kg8 Rc8+ 74.Kg7 1/2-1/2

[Event "19th EUR-ch"]
[Site "Batumi GEO"]
[Date "2018.03.17"]
[Round "1.32"]
[White "Meier, Georg"]
[Black "Danielian, Elina"]
[Result "1/2-1/2"]
[WhiteElo "2648"]
[BlackElo "2413"]
[EventDate "2018.03.17"]
[PlyCount "41"]

1.Nf3 Nf6 2.g3 d5 3.Bg2 c6 4.c4 e6 5.d4 Bb4+ 6.Nbd2 O-O 7.O-O b6 8.a3 Be7 
9.Qc2 Ba6 10.Ne5 Nfd7 11.Nd3 Nf6 12.b4 dxc4 13.Ne5 b5 14.Ne4 Nxe4 15.Bxe4 
f5 16.Bg2 Bb7 17.Bf4 Qc8 18.e4 Nd7 19.Rfe1 Nxe5 20.Bxe5 Qd7 21.Qc3 1/2-1/2

[Event "19th EUR-ch"]
[Site "Batumi GEO"]
[Date "2018.03.17"]
[Round "1.33"]
[White "Can, Isik"]
[Black "Anton Guijarro, David"]
[Result "0-1"]
[WhiteElo "2413"]
[BlackElo "2647"]
[EventDate "2018.03.17"]
[PlyCount "80"]

1.e4 e5 2.Nf3 Nc6 3.Bb5 a6 4.Bxc6 dxc6 5.O-O Qf6 6.d4 exd4 7.Bg5 Qd6 8.
Nxd4 Bd7 9.Nc3 Ne7 10.Nb3 Ng6 11.Qe2 f6 12.Be3 Qe6 13.f4 Qf7 14.Rad1 Bb4 
15.Na4 b6 16.a3 c5 17.axb4 Bxa4 18.Qd2 Bb5 19.Rfe1 cxb4 20.Nd4 Rd8 21.Qf2 
c5 22.Nxb5 Rxd1 23.Rxd1 axb5 24.Qe2 O-O 25.Qxb5 Qe6 26.Qd3 Qg4 27.Rf1 Re8 
28.Qd5+ Qe6 29.Bc1 Qxd5 30.exd5 Kf7 31.c4 bxc3 32.bxc3 Re4 33.Kf2 Rc4 34.
g3 Rxc3 35.Be3 Ne7 36.Rd1 Nf5 37.Bc1 h5 38.Ke2 Ke7 39.Bd2 Nd4+ 40.Kf2 Rf3+
0-1

[Event "19th EUR-ch"]
[Site "Batumi GEO"]
[Date "2018.03.17"]
[Round "1.34"]
[White "McShane, Luke"]
[Black "Abdulov, Orkhan"]
[Result "1-0"]
[WhiteElo "2647"]
[BlackElo "2412"]
[EventDate "2018.03.17"]
[PlyCount "61"]

1.e4 g6 2.d4 Bg7 3.Nc3 c6 4.Nf3 d5 5.h3 Nf6 6.Bd3 dxe4 7.Nxe4 Nbd7 8.O-O 
O-O 9.Nxf6+ Bxf6 10.Re1 Re8 11.c3 e5 12.Qe2 Re7 13.Bg5 e4 14.Bxf6 Nxf6 15.
Nd2 Kf8 16.Bc2 h5 17.Qe3 Kg7 18.Nxe4 Nxe4 19.f3 f5 20.Re2 f4 21.Qd3 Ng3 
22.Qxg6+ Kf8 23.Re5 Rxe5 24.dxe5 Qe7 25.Bb3 Qg7 26.Qd6+ Qe7 27.Qh6+ Ke8 
28.e6 Qf8 29.Qg6+ Ke7 30.Re1 Nf5 31.Qf7+ 1-0

[Event "19th EUR-ch"]
[Site "Batumi GEO"]
[Date "2018.03.17"]
[Round "1.35"]
[White "Korchmar, Vasiliy"]
[Black "Grandelius, Nils"]
[Result "0-1"]
[WhiteElo "2411"]
[BlackElo "2646"]
[EventDate "2018.03.17"]
[PlyCount "80"]

1.d4 Nf6 2.c4 e6 3.Nc3 Bb4 4.e3 O-O 5.Bd3 d5 6.Nf3 b6 7.O-O Ba6 8.cxd5 
exd5 9.Bxa6 Nxa6 10.Bd2 Re8 11.Rc1 Bf8 12.Ne5 c5 13.Be1 Nc7 14.f4 Qd6 15.
Bh4 Rac8 16.dxc5 bxc5 17.Bxf6 gxf6 18.Qg4+ Bg7 19.Nd3 c4 20.Nf2 Qe6 21.Qh5
f5 22.Nfd1 Na6 23.Ne2 Qg6 24.Ng3 d4 25.exd4 Bxd4+ 26.Kh1 Qxh5 27.Nxh5 Nb4 
28.Ng3 Rc5 29.a3 Nd3 30.Rc2 Rb8 31.b4 cxb3 32.Rd2 Nf2+ 33.Nxf2 b2 34.Rb1 
Rc1+ 35.Rd1 Rxb1 36.Rxb1 Bxf2 37.Ne2 Rd8 38.Nc3 Rd2 39.h3 Rc2 40.Na2 Be3 
0-1

[Event "19th EUR-ch"]
[Site "Batumi GEO"]
[Date "2018.03.17"]
[Round "1.36"]
[White "Guseinov, Gadir"]
[Black "Bagaturov, Giorgi"]
[Result "1/2-1/2"]
[WhiteElo "2646"]
[BlackElo "2410"]
[EventDate "2018.03.17"]
[PlyCount "117"]

1.e4 d6 2.d4 Nf6 3.Nc3 e5 4.Nf3 Nbd7 5.Bc4 Be7 6.a4 O-O 7.a5 c6 8.O-O Rb8 
9.d5 cxd5 10.exd5 Ne8 11.Re1 f5 12.b3 e4 13.Nd4 Ne5 14.a6 Nxc4 15.bxc4 Bf6
16.axb7 Bxb7 17.Rxa7 Qc8 18.Nce2 Qxc4 19.Nxf5 Qxd5 20.Neg3 Qxd1 21.Rxd1 
Rf7 22.Ba3 Rc8 23.Rb1 Bd5 24.Ra5 Ba2 25.Rd1 d5 26.Bb4 Bc4 27.Ne3 Bd8 28.
Nxc4 Rxc4 29.Ra8 Rd7 30.c3 Kf7 31.Nf5 Bb6 32.h3 d4 33.Ra6 Ba7 34.Rda1 Bb8 
35.Ra8 dxc3 36.Bxc3 Rxc3 37.Rxb8 Rc5 38.g4 h5 39.Kg2 hxg4 40.hxg4 Nf6 41.
Ra6 Re5 42.Kg3 Re6 43.Rxe6 Kxe6 44.Rb6+ Ke5 45.Rb5+ Nd5 46.Rb8 g6 47.Re8+ 
Kf6 48.Ne3 Nxe3 49.fxe3 Rd1 50.Rxe4 Rg1+ 51.Kf2 Ra1 52.Rb4 Kg5 53.Ke2 Rg1 
54.Kf3 Rf1+ 55.Ke4 Kxg4 56.Kd5+ Kh3 57.e4 g5 58.e5 Rd1+ 59.Ke4 1/2-1/2

[Event "19th EUR-ch"]
[Site "Batumi GEO"]
[Date "2018.03.17"]
[Round "1.37"]
[White "Blohberger, Felix"]
[Black "Krasenkow, Michal"]
[Result "1/2-1/2"]
[WhiteElo "2409"]
[BlackElo "2644"]
[EventDate "2018.03.17"]
[PlyCount "82"]

1.Nf3 d6 2.d4 Bg4 3.g3 Bxf3 4.exf3 e6 5.Bg2 d5 6.f4 g6 7.Nd2 Bg7 8.c3 c6 
9.Nf3 Ne7 10.h4 h5 11.Ne5 Nd7 12.O-O O-O 13.Qd3 Rc8 14.b3 c5 15.Ba3 cxd4 
16.cxd4 Re8 17.Rac1 Nc6 18.Bb2 Ndxe5 19.fxe5 Qb6 20.Bf3 Bh6 21.Rcd1 Nb4 
22.Qb1 Qa6 23.a4 Rc6 24.Ba3 Qb6 25.Be2 a6 26.Bb5 axb5 27.Bxb4 bxa4 28.bxa4
Rc4 29.Bc5 Qa6 30.Qb5 Ra8 31.Rb1 Bf8 32.Rfc1 Rxa4 33.Qxb7 Qe2 34.Qb2 Qg4 
35.Ra1 Rxa1 36.Rxa1 Rxa1+ 37.Qxa1 Bh6 38.Be7 Kh7 39.Bf6 Be3 40.fxe3 Qxg3+ 
41.Kh1 Qh3+ 1/2-1/2

[Event "19th EUR-ch"]
[Site "Batumi GEO"]
[Date "2018.03.17"]
[Round "1.38"]
[White "Kovalenko, Igor"]
[Black "Ozen, Deniz"]
[Result "1/2-1/2"]
[WhiteElo "2642"]
[BlackElo "2407"]
[EventDate "2018.03.17"]
[PlyCount "84"]

1.d4 d5 2.c4 c6 3.Nf3 Nf6 4.Bd2 e6 5.e3 Be7 6.Nc3 O-O 7.Qc2 Nbd7 8.Bd3 c5 
9.cxd5 exd5 10.O-O b6 11.dxc5 bxc5 12.e4 dxe4 13.Nxe4 Bb7 14.Rad1 Nxe4 15.
Bxe4 Bxe4 16.Qxe4 Nf6 17.Qc2 Qc7 18.h3 Rfe8 19.Qc4 Bf8 20.Bg5 Qb6 21.b3 a5
22.a4 Rab8 23.Rd3 Re4 24.Qc2 c4 25.bxc4 h6 26.Bxf6 Qxf6 27.Rd5 Rf4 28.Ne5 
Rc8 29.g3 Qe6 30.Qd3 Rf5 31.f4 Rxe5 32.Rxe5 Qxh3 33.Kf2 Bc5+ 34.Kf3 h5 35.
Rfe1 g6 36.Re8+ Rxe8 37.Rxe8+ Kh7 38.Re5 Qh1+ 39.Ke2 Bb4 40.Ke3 Qg1+ 41.
Ke2 Qe1+ 42.Kf3 Qh1+ 1/2-1/2

[Event "19th EUR-ch"]
[Site "Batumi GEO"]
[Date "2018.03.17"]
[Round "1.39"]
[White "Soysal, Serkan"]
[Black "Parligras, Mircea-Emilian"]
[Result "1/2-1/2"]
[WhiteElo "2406"]
[BlackElo "2642"]
[EventDate "2018.03.17"]
[PlyCount "86"]

1.d4 Nf6 2.c4 e6 3.Nf3 d5 4.Nc3 Bb4 5.Bg5 h6 6.Bxf6 Qxf6 7.Qa4+ Nc6 8.e3 
O-O 9.Rc1 Qg6 10.Qc2 Qxc2 11.Rxc2 Rd8 12.a3 Bf8 13.cxd5 exd5 14.Bd3 Ne7 
15.O-O Bf5 16.Bxf5 Nxf5 17.g4 Ne7 18.Na4 Nc6 19.Rfc1 Rd6 20.Nc5 Nd8 21.Ne5
c6 22.b4 Rf6 23.Ned7 Rg6 24.Ne5 Rf6 25.a4 Bxc5 26.Rxc5 a6 27.R5c2 Rd6 28.
b5 axb5 29.axb5 cxb5 30.Rc5 Nc6 31.Rxb5 Nxe5 32.dxe5 Rd7 33.Rd1 Ra4 34.h3 
d4 35.Rxd4 Raxd4 36.exd4 Rxd4 37.Rxb7 Re4 38.Rb5 g5 39.Kf1 Kg7 40.f3 Ra4 
41.Kf2 Ra2+ 42.Kg3 Ra3 43.Rb8 Re3 1/2-1/2

[Event "19th EUR-ch"]
[Site "Batumi GEO"]
[Date "2018.03.17"]
[Round "1.40"]
[White "Safarli, Eltaj"]
[Black "Schekachikhin, Maksim"]
[Result "1-0"]
[WhiteElo "2639"]
[BlackElo "2406"]
[EventDate "2018.03.17"]
[PlyCount "65"]

1.e4 e6 2.d4 d5 3.Nd2 c5 4.Ngf3 cxd4 5.exd5 Qxd5 6.Bc4 Qd6 7.O-O Nf6 8.Re1
Nc6 9.Ne4 Nxe4 10.Rxe4 Be7 11.Bf4 Qc5 12.Bd3 Bd7 13.a3 Bf6 14.b4 Qd5 15.h4
h6 16.Qd2 a5 17.Rae1 axb4 18.axb4 Be7 19.b5 Bb4 20.Qe2 Bxe1 21.bxc6 Bxc6 
22.Rxd4 Qc5 23.Qxe1 Bxf3 24.Rc4 Qh5 25.gxf3 O-O 26.Qe4 f5 27.Qxe6+ Kh8 28.
Be5 Rae8 29.Qd6 f4 30.Bc3 Qxh4 31.Qg6 Qg5+ 32.Qxg5 hxg5 33.Rc7 1-0

[Event "19th EUR-ch"]
[Site "Batumi GEO"]
[Date "2018.03.17"]
[Round "1.41"]
[White "Mirzoev, Emil"]
[Black "Volokytin, Andriy"]
[Result "1/2-1/2"]
[WhiteElo "2405"]
[BlackElo "2639"]
[EventDate "2018.03.17"]
[PlyCount "73"]

1.d4 Nf6 2.c4 e6 3.Nc3 Bb4 4.a3 Bxc3+ 5.bxc3 c5 6.f3 O-O 7.e4 Nc6 8.Bd3 
Ne8 9.Be3 b6 10.f4 Ba6 11.Nh3 Na5 12.Qe2 Nd6 13.dxc5 Ndxc4 14.Bf2 f6 15.
O-O Qc7 16.e5 f5 17.cxb6 axb6 18.a4 h6 19.Rfb1 Bb7 20.Bd4 Bd5 21.Nf2 Nc6 
22.Be3 Ne7 23.Nd1 Nxe3 24.Qxe3 Bc6 25.Qd4 Ra5 26.c4 Rxa4 27.Rxa4 Bxa4 28.
Nc3 Bc6 29.Qxb6 Qxb6+ 30.Rxb6 g5 31.g3 gxf4 32.gxf4 Ng6 33.Ne2 Bf3 34.Nd4 
Bg4 35.c5 Nxf4 36.Bb5 Rc8 37.Bxd7 1/2-1/2

[Event "19th EUR-ch"]
[Site "Batumi GEO"]
[Date "2018.03.17"]
[Round "1.42"]
[White "Fridman, Daniel"]
[Black "Kalashian, David"]
[Result "0-1"]
[WhiteElo "2637"]
[BlackElo "2399"]
[EventDate "2018.03.17"]
[PlyCount "144"]

1.Nf3 Nf6 2.c4 g6 3.Nc3 Bg7 4.e4 d6 5.d4 Bg4 6.Be2 Nfd7 7.Ng1 Bxe2 8.Ngxe2
c5 9.d5 Na6 10.Bf4 Qa5 11.Qd2 Ne5 12.b3 h6 13.O-O g5 14.Bg3 Ng6 15.a3 h5 
16.f3 Nf4 17.Bxf4 gxf4 18.Rfc1 b5 19.Nxf4 bxc4 20.bxc4 Rb8 21.Nfe2 h4 22.
Ra2 Rb3 23.Qc2 Rb6 24.Nb5 Nb8 25.Nc7+ Kd8 26.Nb5 a6 27.Nbc3 Nd7 28.f4 Kc7 
29.Qd2 Kb7 30.Qd3 h3 31.g4 Ka7 32.g5 Rb3 33.Rcc2 Rb1+ 34.Kf2 Rh1 35.Kg3 
Rf1 36.Qd2 Ne5 37.fxe5 Bxe5+ 38.Kg4 Qd8 39.Ng3 Qc8+ 40.Nf5 e6 41.Nb5+ axb5
42.Qa5+ Qa6 43.Qxa6+ Kxa6 44.Nh6 Rg1+ 45.Kf3 Rxg5 46.Nxf7 Rf8 47.dxe6 Rg6 
48.cxb5+ Kxb5 49.a4+ Kc6 50.Rf2 Bd4 51.Rf1 Rxe6 52.Kg4 Rxe4+ 53.Kxh3 Re3+ 
54.Kh4 Kb6 55.Rf5 d5 56.Kg4 Re7 57.a5+ Ka6 58.Ng5 Rxf5 59.Kxf5 c4 60.Ne6 
Rf7+ 61.Kg5 Be3+ 62.Kg6 Ra7 63.Kf5 d4 64.Rc2 Kb5 65.Rb2+ Ka4 66.Ke4 Re7 
67.Rb6 Kxa5 68.Rc6 Kb4 69.Rd6 Bg1 70.h4 Rh7 71.Nf4 Rxh4 72.Rb6+ Kc5 0-1

[Event "19th EUR-ch"]
[Site "Batumi GEO"]
[Date "2018.03.17"]
[Round "1.43"]
[White "Tate, Alan"]
[Black "Movsesian, Sergei"]
[Result "0-1"]
[WhiteElo "2399"]
[BlackElo "2632"]
[EventDate "2018.03.17"]
[PlyCount "76"]

1.Nf3 d5 2.g3 Bg4 3.Bg2 Nd7 4.O-O e6 5.h3 Bxf3 6.Bxf3 c6 7.d4 Ngf6 8.Nd2 
h5 9.e4 h4 10.g4 dxe4 11.Nxe4 Qc7 12.c3 Be7 13.Kh1 Rd8 14.Nxf6+ Nxf6 15.g5
Nd5 16.g6 fxg6 17.Be4 Kd7 18.Bxg6 Nf4 19.Bxf4 Qxf4 20.Qg4 Qxg4 21.hxg4 
Rdf8 22.f4 Bd6 23.f5 exf5 24.gxf5 h3 25.Rae1 Rh4 26.Re2 h2 27.Rfe1 Kc7 28.
Rg2 b5 29.a3 a5 30.Rge2 Rg4 31.Bh5 Rg5 32.Bg6 Rh8 33.Rg2 Rxg2 34.Kxg2 Rh4 
35.Rh1 Rg4+ 36.Kf2 Rg5 37.Rd1 Bf4 38.Rh1 Rg1 0-1

[Event "19th EUR-ch"]
[Site "Batumi GEO"]
[Date "2018.03.17"]
[Round "1.44"]
[White "Onischuk, Vladimir"]
[Black "Muradli, Mahammad"]
[Result "1-0"]
[WhiteElo "2632"]
[BlackElo "2398"]
[EventDate "2018.03.17"]
[PlyCount "125"]

1.e4 c5 2.Nf3 d6 3.d4 cxd4 4.Nxd4 Nf6 5.Nc3 a6 6.a4 Nc6 7.Nxc6 bxc6 8.a5 
e5 9.Bc4 Bb7 10.O-O Be7 11.Qe2 d5 12.Bb3 O-O 13.exd5 cxd5 14.Qxe5 Bd6 15.
Qd4 Qc7 16.Qh4 d4 17.Ne2 Rae8 18.Ng3 Ne4 19.Nf5 Be5 20.Bg5 Nxg5 21.Qxg5 
Bxh2+ 22.Kh1 Be5 23.Rfe1 Kh8 24.Kg1 Bf6 25.Rxe8 Rxe8 26.Qg3 Qxg3 27.Nxg3 
Rc8 28.Nf5 Be5 29.Re1 f6 30.g3 g6 31.Nh6 Kg7 32.Ng4 Rc5 33.f4 h5 34.Nf2 
Bd6 35.Re6 Bf8 36.Rb6 Rc7 37.Nd3 Be7 38.Kf2 g5 39.Re6 Bc8 40.Re4 h4 41.
gxh4 gxh4 42.Rxd4 Bf5 43.Kf3 Rb7 44.Bc4 Bxd3 45.Bxd3 Rxb2 46.Rd7 Kf8 47.
Ra7 Rb1 48.Ra8+ Kg7 49.Ra7 Kf8 50.Rxa6 Rg1 51.Bc4 Rg3+ 52.Ke4 Bd8 53.Ra8 
Ke7 54.a6 h3 55.Ra7+ Kd6 56.Rh7 Ra3 57.Bd3 Ra4+ 58.Kf3 Kc6 59.Rxh3 Bc7 60.
f5 Be5 61.Rh7 Bd4 62.Rh4 Rb4 63.a7 1-0

[Event "19th EUR-ch"]
[Site "Batumi GEO"]
[Date "2018.03.17"]
[Round "1.45"]
[White "Bosman, Michiel"]
[Black "Alexandrov, Alexei"]
[Result "1/2-1/2"]
[WhiteElo "2398"]
[BlackElo "2630"]
[EventDate "2018.03.17"]
[PlyCount "44"]

1.d4 Nf6 2.c4 e6 3.Nf3 d5 4.g3 Bb4+ 5.Bd2 Bd6 6.Nc3 O-O 7.Bg5 c6 8.Bg2 h6 
9.Bxf6 Qxf6 10.O-O dxc4 11.Nd2 Bc7 12.e3 Nd7 13.Nxc4 Nb6 14.Qe2 Qe7 15.
Rac1 Bd7 16.Rfd1 Rfd8 17.Ne4 a5 18.a3 Be8 19.Nc5 Nxc4 20.Qxc4 Ra7 21.f4 
Rc8 22.Qb3 Bd8 1/2-1/2

[Event "19th EUR-ch"]
[Site "Batumi GEO"]
[Date "2018.03.17"]
[Round "1.46"]
[White "Solak, Dragan"]
[Black "Tutisani, Noe"]
[Result "1/2-1/2"]
[WhiteElo "2629"]
[BlackElo "2394"]
[EventDate "2018.03.17"]
[PlyCount "45"]

1.g3 g6 2.Bg2 Bg7 3.c4 e5 4.Nc3 Nc6 5.e3 d6 6.Nge2 h5 7.h4 Bg4 8.d3 Qd7 9.
f3 Be6 10.e4 f5 11.Nd5 Nce7 12.Bg5 c6 13.Nxe7 Nxe7 14.O-O O-O 15.Rc1 Rae8 
16.Qa4 a6 17.Rfd1 b5 18.Qa3 c5 19.b3 Nc6 20.Qb2 fxe4 21.fxe4 b4 22.Rf1 Qc8
23.Kh2 1/2-1/2

[Event "19th EUR-ch"]
[Site "Batumi GEO"]
[Date "2018.03.17"]
[Round "1.47"]
[White "Rzayev, Bahruz"]
[Black "Erdos, Viktor"]
[Result "1/2-1/2"]
[WhiteElo "2390"]
[BlackElo "2627"]
[EventDate "2018.03.17"]
[PlyCount "24"]

1.e4 e5 2.Nf3 Nc6 3.d4 exd4 4.Nxd4 Qf6 5.Nf3 Bb4+ 6.c3 Bc5 7.Be2 Nge7 8.
O-O a5 9.Bg5 Qg6 10.Nbd2 d6 11.Qa4 Bh3 12.e5 h6 1/2-1/2

[Event "19th EUR-ch"]
[Site "Batumi GEO"]
[Date "2018.03.17"]
[Round "1.48"]
[White "Lupulescu, Constantin"]
[Black "Nesterov, Arseniy"]
[Result "1-0"]
[WhiteElo "2627"]
[BlackElo "2388"]
[EventDate "2018.03.17"]
[PlyCount "81"]

1.d4 d5 2.Nf3 Nf6 3.Bf4 e6 4.e3 c5 5.Nbd2 Nc6 6.c3 Bd6 7.Bg3 O-O 8.Bd3 
Bxg3 9.hxg3 g6 10.Qe2 Qd6 11.dxc5 Qxc5 12.e4 dxe4 13.Nxe4 Nxe4 14.Qxe4 b5 
15.Qh4 h5 16.Be4 Rb8 17.g4 Ne5 18.gxh5 Nxf3+ 19.gxf3 g5 20.Qg3 Bb7 21.
O-O-O Bxe4 22.fxe4 b4 23.Rhg1 f6 24.f4 bxc3 25.Qxc3 Qb5 26.Kb1 Rbc8 27.Qd3
Qxd3+ 28.Rxd3 Kh7 29.fxg5 fxg5 30.Rdg3 Rf2 31.Rxg5 Rcc2 32.Rb5 Rce2 33.
Rb7+ Kh6 34.a3 a5 35.Rb5 a4 36.Rg6+ Kh7 37.Rb7+ Kh8 38.Rxe6 Re1+ 39.Ka2 
Rf8 40.Ree7 Rg1 41.Ra7 1-0

[Event "19th EUR-ch"]
[Site "Batumi GEO"]
[Date "2018.03.17"]
[Round "1.49"]
[White "Bashirli, Nail"]
[Black "Zhigalko, Sergei"]
[Result "0-1"]
[WhiteElo "2384"]
[BlackElo "2625"]
[EventDate "2018.03.17"]
[PlyCount "80"]

1.e4 c5 2.Nf3 d6 3.Nc3 Nf6 4.d4 cxd4 5.Nxd4 a6 6.Bg5 Nbd7 7.Qe2 h6 8.Bxf6 
Nxf6 9.O-O-O e5 10.Nf5 g6 11.Ne3 Be6 12.Ned5 Nxd5 13.Nxd5 Rc8 14.Rd3 Rc5 
15.Qd1 Qc8 16.Nf6+ Ke7 17.Nd5+ Bxd5 18.Rxd5 Qc6 19.Rxc5 Qxc5 20.h4 h5 21.
Rh3 Qxf2 22.Kb1 Bh6 23.Rb3 b5 24.a4 Qxh4 25.Bd3 Rb8 26.axb5 axb5 27.Bxb5 
Be3 28.Qd5 Qe1+ 29.Ka2 Qa5+ 30.Kb1 Ra8 31.Qb7+ Kf8 32.c3 Qa1+ 33.Kc2 Ra7 
34.Qd5 Qc1+ 35.Kd3 Qd2+ 36.Kc4 Rc7+ 37.Kb4 Bc5+ 38.Ka5 Qxg2 39.Bc4 Ra7+ 
40.Kb5 Qg4 0-1

[Event "19th EUR-ch"]
[Site "Batumi GEO"]
[Date "2018.03.17"]
[Round "1.50"]
[White "Indjic, Aleksandar"]
[Black "Polivanov, Anatoliy"]
[Result "1-0"]
[WhiteElo "2623"]
[BlackElo "2383"]
[EventDate "2018.03.17"]
[PlyCount "107"]

1.d4 Nf6 2.c4 e6 3.Nc3 d5 4.cxd5 Nxd5 5.e4 Nxc3 6.bxc3 c5 7.Rb1 cxd4 8.
cxd4 Nc6 9.Bb5 a6 10.Bxc6+ bxc6 11.Nf3 Bd6 12.O-O O-O 13.Be3 a5 14.Qc2 Ba6
15.Rfd1 Qc7 16.Rb3 Rfc8 17.e5 Be7 18.Ng5 Bxg5 19.Bxg5 h6 20.Bc1 c5 21.Rc3 
Qb8 22.d5 Qxe5 23.Rg3 exd5 24.Bxh6 g6 25.Rg5 Qe4 26.Qc1 d4 27.Re1 Qh4 28.
Rge5 Bb7 29.f3 d3 30.Bd2 Qd4+ 31.Kh1 Rd8 32.Re7 Bd5 33.Bc3 Qh4 34.Qe3 d2 
35.Bxd2 Qd4 36.Qh6 Bxa2 37.Bxa5 Rf8 38.Bc7 Qh8 39.Qg5 Qh5 40.Qxh5 gxh5 41.
R7e5 f5 42.Rxc5 Rac8 43.h3 Rf7 44.Rec1 Kh7 45.Kh2 Rg7 46.Be5 Rxc5 47.Rxc5 
Rd7 48.Bf4 Bd5 49.Kg3 Kg6 50.Kh4 Bb7 51.Rb5 Rg7 52.Rb6+ Kh7 53.Be5 Re7 54.
Bf6 1-0

[Event "19th EUR-ch"]
[Site "Batumi GEO"]
[Date "2018.03.17"]
[Round "1.51"]
[White "Voit, Daria"]
[Black "Bok, Benjamin"]
[Result "0-1"]
[WhiteElo "2382"]
[BlackElo "2622"]
[EventDate "2018.03.17"]
[PlyCount "102"]

1.d4 Nf6 2.Bg5 d5 3.Bxf6 gxf6 4.Nc3 c5 5.e4 dxe4 6.dxc5 f5 7.Qxd8+ Kxd8 8.
O-O-O+ Nd7 9.Bb5 e6 10.f3 Bxc5 11.fxe4 f4 12.Nge2 Ke7 13.Kb1 Bd6 14.Rhf1 
Rg8 15.Nxf4 Bxf4 16.Rxf4 Rxg2 17.Rh4 Rg7 18.Bxd7 Bxd7 19.b4 Rc8 20.Kb2 Be8
21.Rd3 f6 22.Rg3 Bg6 23.Nb5 a6 24.Nd4 Rgg8 25.a4 Rgd8 26.c3 e5 27.Nf5+ Ke6
28.Rf3 Rd2+ 29.Kb3 Rcd8 30.a5 Rd1 31.Ne3 Re1 32.Kc4 Rf8 33.Kd3 Rd8+ 34.Kc4
Rd7 35.Nd5 Rf7 36.Re3 Rxe3 37.Nxe3 Rd7 38.Rg4 Rd2 39.Rh4 h5 40.Nf1 Rf2 41.
Ne3 Rf4 42.Rh3 Bxe4 43.Kc5 Rf3 44.Rxf3 Bxf3 45.c4 f5 46.b5 f4 47.Nf1 axb5 
48.cxb5 Bd5 49.a6 bxa6 50.bxa6 e4 51.Kd4 e3 0-1

[Event "19th EUR-ch"]
[Site "Batumi GEO"]
[Date "2018.03.17"]
[Round "1.52"]
[White "Oparin, Grigoriy"]
[Black "Tokranovs, Dmitrijs"]
[Result "1-0"]
[WhiteElo "2622"]
[BlackElo "2375"]
[EventDate "2018.03.17"]
[PlyCount "95"]

1.c4 c5 2.Nf3 Nf6 3.Nc3 Nc6 4.d4 cxd4 5.Nxd4 g6 6.g3 Bg7 7.Bg2 O-O 8.O-O 
Qb6 9.Nb3 d6 10.Be3 Qd8 11.Rc1 Ng4 12.Bf4 Be6 13.c5 Nge5 14.cxd6 Qxd6 15.
Qxd6 exd6 16.Nd5 Rac8 17.Rfd1 h6 18.h3 Rfd8 19.Bd2 Kf8 20.Bc3 Nd7 21.Rd2 
Bxc3 22.Rxc3 Bxd5 23.Bxd5 Nb6 24.Bg2 Na4 25.Rcd3 Ke7 26.Nd4 Nxd4 27.Rxd4 
Rc1+ 28.Kh2 Nc5 29.Rh4 h5 30.b4 Ne6 31.Bxb7 Rb8 32.Bd5 Rb1 33.Bb3 Rc8 34.
Re4 Rcc1 35.h4 Rh1+ 36.Kg2 Rhg1+ 37.Kf3 Rgc1 38.Rd3 Kd7 39.Rde3 Rxb3 40.
axb3 d5 41.Rd3 Kd6 42.Rc4 Rb1 43.Rc8 Ke5 44.Ra8 Nd4+ 45.Kg2 Nxb3 46.Rxa7 
f5 47.Ra6 Rb2 48.f4+ 1-0

[Event "19th EUR-ch"]
[Site "Batumi GEO"]
[Date "2018.03.17"]
[Round "1.53"]
[White "Huber, Martin Christian"]
[Black "Vocaturo, Daniele"]
[Result "0-1"]
[WhiteElo "2372"]
[BlackElo "2620"]
[EventDate "2018.03.17"]
[PlyCount "94"]

1.d4 d5 2.c4 c6 3.Nf3 Nf6 4.e3 Bg4 5.h3 Bh5 6.g4 Bg6 7.Nbd2 e6 8.Ne5 Nbd7 
9.Nxg6 hxg6 10.Bg2 g5 11.O-O Be7 12.Re1 Nf8 13.e4 Ng6 14.cxd5 exd5 15.Qb3 
Rb8 16.exd5 Nxd5 17.Ne4 O-O 18.Nc3 Ndf4 19.Bxf4 Nxf4 20.d5 Bf6 21.Rad1 
Bxc3 22.Qxc3 Re8 23.Rxe8+ Qxe8 24.Qb3 cxd5 25.Bxd5 Qe7 26.Qf3 Rd8 27.Kf1 
b6 28.Bb3 Rxd1+ 29.Bxd1 Qf6 30.b4 g6 31.Bb3 Qa1+ 32.Qd1 Qc3 33.Qd8+ Kg7 
34.Qd7 Qxh3+ 35.Ke1 Qc3+ 36.Kf1 Qd3+ 37.Qxd3 Nxd3 38.a3 Ne5 39.Bd1 Kf6 40.
f3 Nc4 41.Ke2 Ke5 42.Ba4 Kd4 43.Be8 Nd6 44.Bc6 f5 45.a4 Kc3 46.b5 f4 47.
Bd7 Nc4 0-1

[Event "19th EUR-ch"]
[Site "Batumi GEO"]
[Date "2018.03.17"]
[Round "1.54"]
[White "Romanov, Evgeny"]
[Black "Torosian, Norayr"]
[Result "1-0"]
[WhiteElo "2619"]
[BlackElo "2371"]
[EventDate "2018.03.17"]
[PlyCount "203"]

1.d4 Nf6 2.Nf3 g6 3.Nc3 d5 4.Bf4 a6 5.e3 Bg7 6.Be2 O-O 7.h4 c5 8.dxc5 Nbd7
9.Nd2 Nxc5 10.h5 Nfe4 11.Ndxe4 Nxe4 12.Nxd5 Bxb2 13.hxg6 fxg6 14.Bc4 e6 
15.Rb1 Qa5+ 16.c3 Bxc3+ 17.Ke2 Bg7 18.Qd3 Nc3+ 19.Nxc3 Qxc3 20.Qe4 Qf6 21.
Rb6 Kh8 22.Rd1 Qh4 23.f3 e5 24.Qxe5 Bf5 25.Rxb7 Bf6 26.Rd6 Rae8 27.Rxf6 
Qxf6 28.Qxf6+ Rxf6 29.Bh6 Be6 30.Bg7+ Kg8 31.Bxf6 Bxc4+ 32.Kf2 Bxa2 33.
Rg7+ Kf8 34.Rxh7 Re6 35.Bd4 Rc6 36.g4 Bb3 37.Ra7 Bd1 38.Kg3 Be2 39.e4 Ke8 
40.Kf2 Bd1 41.Ke3 Re6 42.g5 Rc6 43.f4 Bc2 44.Bf6 Re6 45.Be5 Rb6 46.Rc7 Bb1
47.Rc5 Kf7 48.Bc3 Re6 49.Rc4 Ke8 50.Rb4 Bc2 51.Be5 a5 52.Rb2 Rc6 53.Kd4 a4
54.Rb8+ Kf7 55.Rb7+ Ke8 56.Ra7 Rb6 57.Kd5 Rb5+ 58.Kc4 Rb6 59.Bd4 Re6 60.e5
Bb3+ 61.Kb5 Bc2 62.Ra8+ Kf7 63.Bc5 Re8 64.Ra7+ Kg8 65.Bd6 Bb3 66.Kc6 Be6 
67.Rxa4 Bf5 68.Ra7 Be6 69.Be7 Bf5 70.Kd5 Kf7 71.Kd6 Bg4 72.Bf6+ Kf8 73.Rh7
Bf5 74.Be7+ Kg8 75.Rh6 Kf7 76.Rh7+ Kg8 77.Rh2 Kf7 78.Bf6 Re6+ 79.Kc7 Re8 
80.Rh7+ Kg8 81.Rg7+ Kf8 82.Kd6 Re6+ 83.Kd5 Re8 84.Ra7 Be6+ 85.Kd6 Bf5 86.
Bg7+ Kg8 87.Bh6 Re6+ 88.Kc5 Re8 89.Rg7+ Kh8 90.Rf7 Ra8 91.Rf6 Ra5+ 92.Kb6 
Ra8 93.Kb7 Re8 94.Kc7 Re6 95.Rxe6 Bxe6 96.Kd6 Bc4 97.Ke7 Kg8 98.e6 Bb5 99.
Kf6 Be8 100.Bg7 Kh7 101.Ke7 Bb5 102.Kf8 1-0

[Event "19th EUR-ch"]
[Site "Batumi GEO"]
[Date "2018.03.17"]
[Round "1.55"]
[White "Hayrapetyan, Artavazd R."]
[Black "Yilmaz, Mustafa"]
[Result "1/2-1/2"]
[WhiteElo "2370"]
[BlackElo "2619"]
[EventDate "2018.03.17"]
[PlyCount "193"]

1.d4 Nf6 2.Nf3 e6 3.c4 c5 4.g3 cxd4 5.Nxd4 Qc7 6.Nd2 Nc6 7.Nb5 Qb6 8.Bg2 
d5 9.O-O Be7 10.Nf3 O-O 11.Be3 Qd8 12.Nbd4 Bd7 13.Rc1 Rc8 14.Nb3 b6 15.a3 
h6 16.Qd2 Re8 17.Rfd1 Bf8 18.Qe1 Qe7 19.cxd5 Nxd5 20.Bd2 e5 21.e4 Nc7 22.
Na1 Ne6 23.Nc2 Nc5 24.Bc3 Be6 25.Nb4 Nxb4 26.Bxb4 Qf6 27.Qe3 a5 28.Bc3 Bb3
29.Re1 Qd6 30.Bf1 Rcd8 31.Nd2 Ba4 32.Nc4 Qb8 33.Qf3 Nb3 34.Rb1 Nd4 35.Qg2 
Bc6 36.Rbd1 a4 37.Ne3 Qb7 38.Nd5 Rxd5 39.exd5 Bxd5 40.Bxd4 Bxg2 41.Bxg2 
Qc7 42.Rc1 Qb8 43.Bc6 Re6 44.Be3 b5 45.Bd7 Re7 46.Rc8 Qb7 47.Bh3 Rc7 48.
Rxc7 Qxc7 49.Rc1 Qd6 50.Rc8 Qd1+ 51.Bf1 Qd7 52.Ra8 Qc6 53.Rb8 Qc7 54.Rxb5 
Bd6 55.b3 axb3 56.Rxb3 Qa5 57.Bc4 Qa4 58.Bd5 Kf8 59.Kg2 Qa5 60.Bc6 Bxa3 
61.Rb8+ Ke7 62.Rb7+ Ke6 63.Ra7 Qc3 64.Bd7+ Kd6 65.Be8 f5 66.Rxg7 Bc1 67.
Rg6+ Ke7 68.Rc6 Qd3 69.Rxc1 Kxe8 70.Bxh6 f4 71.Re1 Qc3 72.Kf1 Qc4+ 73.Kg1 
Qc3 74.Kf1 Kf7 75.Bxf4 exf4 76.gxf4 Qf3 77.Kg1 Qg4+ 78.Kh1 Qh3 79.Kg1 Qg4+
80.Kh1 Kf6 81.Re3 Kf5 82.Rg3 Qe2 83.Kg1 Qd1+ 84.Kg2 Qd5+ 85.Kg1 Kxf4 86.
Re3 Qa8 87.Rg3 Qa1+ 88.Kg2 Qd1 89.Re3 Qd5+ 90.Kg1 Kg4 91.Rg3+ Kh4 92.Re3 
Qd1+ 93.Kg2 Qd5+ 94.Kg1 Qd1+ 95.Kg2 Qd5+ 96.Kg1 Qd1+ 97.Kg2 1/2-1/2